|
|
|
|
| LEADER |
00000nam2a2200000 4500 |
| 001 |
19899 |
| 005 |
20231101205321.0 |
| 035 |
|
|
|a (RuTPU)RU\TPU\book\20069
|
| 035 |
|
|
|a BOOK00020139
|
| 090 |
|
|
|a 19899
|
| 100 |
|
|
|a 20011209d1975 km y0rusy50 ca
|
| 101 |
1 |
|
|a rus
|c ger
|
| 102 |
|
|
|a RU
|
| 105 |
|
|
|a y z 000zy
|
| 200 |
0 |
|
|a Т. 2: Философия природы
|
| 210 |
|
|
|d 1975
|
| 215 |
|
|
|a 695 с.
|
| 461 |
|
1 |
|0 (RuTPU)RU\TPU\book\66523
|t Энциклопедия философских наук
|o Пер. с нем.
|o В 3 т.
|f Г. В. Ф. Гегель
|v Т. 2: Философия природы
|g Академия наук СССР (АН СССР), Институт философии (ИФ)
|d 1974-1977
|s Философское наследие
|
| 606 |
1 |
|
|a Немецкая философия
|z 2 пол. 19 в. -1949 г.
|2 stltpush
|3 (RuTPU)RU\TPU\subj\45373
|9 64617
|
| 610 |
1 |
|
|a философия
|
| 610 |
1 |
|
|a 18 век
|
| 610 |
1 |
|
|a 19 век
|
| 610 |
1 |
|
|a история
|
| 610 |
1 |
|
|a природа
|
| 610 |
1 |
|
|a естествознание
|
| 610 |
1 |
|
|a механика
|
| 610 |
1 |
|
|a физика
|
| 686 |
|
|
|a Ю3(4Г)
|v LBC/SL-A
|2 rubbk
|
| 801 |
|
0 |
|a RU
|b 63413507
|c 20011209
|g PSBO
|
| 801 |
|
2 |
|a RU
|b 63413507
|c 20230130
|g PSBO
|
| 942 |
|
|
|c BK
|